01041 a2200193 45000010006000000050017000060080041000230030015000640400040000790800041001192450087001602640129002473000019003765050242003950410008006371000070006457000023007157000109007385779820260407155838.0260407a2000 arg spa dAR-UNSa-BCEJYS aAR-UNSa-BCEJYSbspacAR-UNSa-BCEJYS a334.713xPequeña industria (Pymes)10aLas pequeñas y medianas empresaspentorno, estrategias y potencial transformador 1aCórdoba :bAsociación Cooperadora de la Facultad de Ciencias Económicas de la Universidad Nacional de Córdoba.c2000 a526 p.c25 cm. a1. Creación, mortalidad y desarrollo de empresas – 2. Gestión empresarial en las PyMEs – 3. Redes de empresas, encadenamientos productivos y distritos industriales – 4. Instituciones, políticas y estrategias de apoyo a PyMEs  aspa1 aReunión Anual de la Red PyMEs Mercosur (5º : 2000 : Córdoba)1 aRed PyMEs Mercosur1 aUniversidad Nacional de Córdoba. Facultad de Ciencias Económicas. Instituto de Economía y Finanzas